000 00431nam a2200157Ia 4500
008 160316s1993 xxu||||| |||| 00| 0 eng d
082 _a346.016600
_bSAH
100 _aSahai Singh Shiv
245 _aUnification of divorce laws in India
250 _a
260 _aNew Delhi
_bDeep & Deep Publications Pvt. Ltd.
_c1993
300 _a422p
_b
_cxvii
365 _bRs.425
650 _a1. Family Law - Divorce -India
700 _a
_a
999 _c14049
_d14049